<?xml version="1.0" encoding="UTF-8"?>
<record
    xmlns:xsi="http://www.w3.org/2001/XMLSchema-instance"
    xsi:schemaLocation="http://www.loc.gov/MARC21/slim http://www.loc.gov/standards/marcxml/schema/MARC21slim.xsd"
    xmlns="http://www.loc.gov/MARC21/slim">

  <leader>02026agaaa2200301   4500</leader>
  <controlfield tag="001">0697</controlfield>
  <controlfield tag="003">IT-RoPAU</controlfield>
  <controlfield tag="005">20220918181223.0</controlfield>
  <controlfield tag="007">d cvaizq</controlfield>
  <controlfield tag="008">50131s9999||||xx ||| |     ||   ||und||</controlfield>
  <datafield tag="040" ind1=" " ind2=" ">
    <subfield code="a">IT-RoPAU</subfield>
    <subfield code="c">IT-RoPAU</subfield>
  </datafield>
  <datafield tag="041" ind1=" " ind2=" ">
    <subfield code="a">ITALIANO </subfield>
  </datafield>
  <datafield tag="100" ind1=" " ind2=" ">
    <subfield code="a">Monteverde Alejandro G.</subfield>
    <subfield code="g">Codice regista SPICS: 60278</subfield>
    <subfield code="9">36784</subfield>
  </datafield>
  <datafield tag="130" ind1=" " ind2=" ">
    <subfield code="a">BELLA </subfield>
    <subfield code="9">36785</subfield>
  </datafield>
  <datafield tag="245" ind1=" " ind2=" ">
    <subfield code="a">BELLA </subfield>
    <subfield code="c">Prodotto da: Jones J. Pinckley D. -- Sceneggiatura: Severino Leo Million Patrick Monteverde Alejandro G. -- Diretto da: Monteverde Alejandro G.</subfield>
    <subfield code="p">BELLA (Rif. Codice opera principale : K0697)</subfield>
  </datafield>
  <datafield tag="250" ind1=" " ind2=" ">
    <subfield code="a">Edizione Standard</subfield>
  </datafield>
  <datafield tag="260" ind1=" " ind2=" ">
    <subfield code="a">(USA - MESSICO )</subfield>
    <subfield code="b">N.d. / Distribuzione: MULTIMEDIA SAN PAOLO</subfield>
    <subfield code="g">"2006 (1&#xB0; ed.: 2011 ; Ed. Lingua Orig.: 2006)"</subfield>
  </datafield>
  <datafield tag="300" ind1=" " ind2=" ">
    <subfield code="a">DVD</subfield>
    <subfield code="b">sonoro, col.</subfield>
    <subfield code="c">86 minuti</subfield>
  </datafield>
  <datafield tag="508" ind1=" " ind2=" ">
    <subfield code="a">"Fotografia: Cadelago Andrew ; Montaggio: Villena F. Gutowski ; Musica: Altman Stephan; Sceneggiatura: Severino Leo Million Patrick Monteverde Alejandro G. ; Scenografia: Lassalle Richard ; "</subfield>
  </datafield>
  <datafield tag="511" ind1=" " ind2=" ">
    <subfield code="a">"Verastegui Eduardo; Blanchard Tammy; Perez Manny; Aragon Angelica; Tirelli Jaime; "</subfield>
  </datafield>
  <datafield tag="520" ind1=" " ind2=" ">
    <subfield code="a">JOSE' SI TROVA SULLA SPIAGGIA, RICORDANDO UN GIORNO DI QUATTRO O CINQUE ANNI PRIMA, CHE CONDIVISE CON NINA E CHE CAMBIO' LE LORO VITE. NINA ERA CAMERIERA NEL RISTORANTE IN CUI JOSE' ERA IL CUOCO. UN TRAGICO AVVENIMENTO DEL PASSATO CONTINUAVA A PERSEGUITARLO. NINA DOVEVA PRENDERE UNA DIFFICILE E DRAMMATICA DECISIONE. QUANDO NINA SCOPRE COME LA FAMIGLIA DI JOSE' LO AVESSE AIUTATO A AFFRONTARE LA SUA TRAGEDIA, IN NINA AVVIENE UNA TRASFORMAZIONE. E RIESCE A PRENDERE QUELLA DECISIONE CHE UNIRA' PER SEMPRE LE LORO VITE, AL DI LA' DI UNA SEMPLICE STORIA D'AMORE. VINCITORE DI NUMEROSI PREMI.</subfield>
  </datafield>
  <datafield tag="538" ind1=" " ind2=" ">
    <subfield code="a">PAL, STEREO</subfield>
  </datafield>
  <datafield tag="546" ind1=" " ind2=" ">
    <subfield code="a">ITALIANO </subfield>
  </datafield>
  <datafield tag="650" ind1=" " ind2=" ">
    <subfield code="a">DRAMMA - ROMANTIC</subfield>
    <subfield code="e">DVD-FILM [DVD]</subfield>
    <subfield code="x">Codice MATERIA SPICS: 9947</subfield>
    <subfield code="9">36786</subfield>
  </datafield>
  <datafield tag="700" ind1=" " ind2=" ">
    <subfield code="a">Altman Stephan</subfield>
    <subfield code="e">(musica)</subfield>
    <subfield code="g">Codice Musica SPICS: 60279</subfield>
    <subfield code="9">36787</subfield>
  </datafield>
  <datafield tag="700" ind1=" " ind2=" ">
    <subfield code="a">Monteverde Alejandro G. </subfield>
    <subfield code="e">(regista)</subfield>
    <subfield code="g">Codice regista SPICS: 60278</subfield>
    <subfield code="9">36788</subfield>
  </datafield>
  <datafield tag="942" ind1=" " ind2=" ">
    <subfield code="c">DV</subfield>
    <subfield code="2">ddc</subfield>
  </datafield>
  <datafield tag="999" ind1=" " ind2=" ">
    <subfield code="c">104629</subfield>
    <subfield code="d">104629</subfield>
  </datafield>
  <datafield tag="952" ind1=" " ind2=" ">
    <subfield code="0">0</subfield>
    <subfield code="1">0</subfield>
    <subfield code="4">0</subfield>
    <subfield code="6">K_0697_000000000000000</subfield>
    <subfield code="7">1</subfield>
    <subfield code="a">SPICS</subfield>
    <subfield code="b">SPICS</subfield>
    <subfield code="d">2015-01-31</subfield>
    <subfield code="l">0</subfield>
    <subfield code="o">K0697</subfield>
    <subfield code="r">2015-01-31 00:00:00</subfield>
    <subfield code="w">2015-01-31</subfield>
    <subfield code="y">DV</subfield>
    <subfield code="z">Progr. Ins.: 3959 / N.Vol.:1 / Copie: 1 / Pag.:0 / Copia rara: n.d. / date import: 1.2.2015 / By Epidotti, Trombetti, Vaglietti</subfield>
  </datafield>
</record>
